000 00944cam a2200265 4500
001 4658134
005 19880120000000.0
008 690626s1969 enkadf b 001 0 eng
010 _a 79392632
015 _aB69-05575
020 _a9780074624494
020 _a0074624490
040 _aDLC
_cDLC
_dDLC
050 0 0 _aGB665
_b.W56
082 0 0 _a627
_220
_bSUB
100 1 _aSubramanya, K.
_q(Eric Montgomery)
_97742
245 1 0 _aEngineering hydrology
_cK. Subramanya.
260 _aNew Delhi:
_bTata McGraw-Hill,
_cc1994.
300 _axiii, 329 p.
_bplate, illus., charts.;
_c23 cm.
500 _aIncludes Index.
650 0 _aHydrology.
_97743
942 _2ddc
_cBB
999 _c12248
_d12248